000 00974nam a22002417a 4500
003 NALT
005 20240207135122.0
008 s2538 th tha d
020 _a9747715783
040 _aNALT
041 _atha
090 _aKF 51
_bป412ก 2538
100 0 _aประสิทธิ์ เอกบุตร
_920119
245 1 0 _aกฎหมายระหว่างประเทศ เล่ม 1 สนธิสัญญา /
_cประสิทธิ์ เอกบุตร.
260 _aกรุงเทพฯ :
_bนิติธรรม,
_c2538.
300 _a355 หน้า ;
_b
_c26 ซม.
650 4 _aองค์การระหว่างประเทศ
_92583
650 0 _aสนธิสัญญา
_xการตีความ
_928003
650 4 _aกฎหมายระหว่างประเทศ
_99812
650 0 _aสนธิสัญญา
_99810
850 _aNALT
942 _cLB
_2local
999 _c15383
_d15383
998 _j4576
_k นักศึกษาฝึกงาน-02